[Event "Budapest FS10 IM-A"]
[Site "Budapest"]
[Date "2009.10.09"]
[Round "7"]
[White "Dave, Dhyani"]
[Black "Adams, Nick A"]
[Result "1/2-1/2"]
[WhiteElo "2124"]
[BlackElo "2221"]
[PlyCount "37"]
[EventDate "2009.10.03"]
[EventType "tourn"]
[EventRounds "9"]
[EventCountry "HUN"]
[EventCategory "1"]
[SourceTitle "CBM 132 Extra"]
[Source "ChessBase"]
[SourceDate "2009.11.03"]
[SourceVersion "1"]
[SourceVersionDate "2009.11.03"]
[SourceQuality "1"]

1. e4 e5 2. Nf3 Nc6 3. Bb5 Nf6 4. 0-0 Nxe4 5. Re1 Nd6 6. Bxc6 dxc6 7. Nxe5 Be7 8. Nc3 0-0 9. h3 Nf5 10. d3 Be6 11. Bf4 Re8 12. Nf3 Bd6 13. Qd2 Nh4 14. Nxh4 Qxh4 15. Bg5 Qh5 16. Ne4 Qg6 17. Nxd6 cxd6 18. Kh2 Bd5 19. f3 1/2-1/2

[Event "Budapest FS10 IM-A"]
[Site "Budapest"]
[Date "2009.10.04"]
[Round "2"]
[White "Dave, Dhyani"]
[Black "Rooze, Jan"]
[Result "0-1"]
[WhiteElo "2124"]
[BlackElo "2253"]
[PlyCount "60"]
[EventDate "2009.10.03"]
[EventType "tourn"]
[EventRounds "9"]
[EventCountry "HUN"]
[EventCategory "1"]
[SourceTitle "CBM 132 Extra"]
[Source "ChessBase"]
[SourceDate "2009.11.03"]
[SourceVersion "1"]
[SourceVersionDate "2009.11.03"]
[SourceQuality "1"]

1. d3 c5 2. f4 d5 3. Nf3 Nc6 4. g3 g6 5. Bg2 Bg7 6. 0-0 Nf6 7. c3 0-0 8. Nbd2 Ng4 9. Nb1 b6 10. h3 Nf6 11. Nbd2 Nh5 12. Qe1 e5 13. e3 exf4 14. exf4 Ba6 15. Ne5 Nxe5 16. fxe5 Re8 17. Qf2 Rxe5 18. Qxf7+ Kh8 19. Nf3 Rf5 20. Ng5 Rxg5 21. Bxg5 Qxg5 22. Rae1 Bb5 23. Re7 Qxg3 24. Qxd5 Rg8 25. Rf3 Qb8 26. Qg5 Qd8 27. Rff7 Be8 28. Rf2 Bf6 29. Rxe8 Rxe8 30. Qd2 Bg5 0-1

[Event "IND-ch (Women)"]
[Site "Pune"]
[Date "2007.11.13"]
[Round "9"]
[White "Swati, Mohota"]
[Black "Dave, Dhyani"]
[Result "1-0"]
[WhiteElo "2112"]
[BlackElo "2002"]
[PlyCount "91"]
[EventDate "2007.11.06"]
[EventType "swiss"]
[EventRounds "11"]
[EventCountry "IND"]
[SourceTitle "EXT 2008"]
[Source "ChessBase"]
[SourceDate "2007.11.25"]
[SourceVersion "1"]
[SourceVersionDate "2007.11.25"]
[SourceQuality "1"]

1. d4 Nf6 2. c4 e6 3. a3 d5 4. Nc3 Be7 5. Nf3 0-0 6. e3 Nbd7 7. Qc2 Re8 8. Bd3 c6 9. 0-0 Nf8 10. Rd1 b6 11. e4 dxe4 12. Nxe4 Bb7 13. b4 Qc7 14. Nxf6+ Bxf6 15. c5 h6 16. Bb2 Nd7 17. Nd2 Rad8 18. Ne4 Be7 19. Qe2 Nf6 20. Nxf6+ Bxf6 21. Qe4 g6 22. Rac1 b5 23. Bc2 Bg5 24. Rb1 Bc8 25. Qf3 Bb7 26. Rd3 a5 27. g3 axb4 28. axb4 Qe7 29. h4 Bf6 30. Rdd1 Bg7 31. Rd3 Qc7 32. Rbd1 Bc8 33. Ra3 h5 34. Be4 Bb7 35. Ra7 Qb8 36. Rxb7 Qxb7 37. Bxc6 Qc7 38. Bxe8 Rxe8 39. Ra1 Rd8 40. Ra8 Qd7 41. c6 Qd6 42. Rxd8+ Qxd8 43. Qc3 Qc7 44. Qc5 Qb8 45. c7 Qc8 46. Qb6 1-0

[Event "IND-ch (Women)"]
[Site "Pune"]
[Date "2007.11.11"]
[Round "7"]
[White "Dave, Dhyani"]
[Black "Savetha, CH."]
[Result "1/2-1/2"]
[WhiteElo "2002"]
[BlackElo "1968"]
[PlyCount "114"]
[EventDate "2007.11.06"]
[EventType "swiss"]
[EventRounds "11"]
[EventCountry "IND"]
[SourceTitle "EXT 2008"]
[Source "ChessBase"]
[SourceDate "2007.11.25"]
[SourceVersion "1"]
[SourceVersionDate "2007.11.25"]
[SourceQuality "1"]

1. e4 c5 2. Nf3 Nc6 3. c3 d5 4. exd5 Qxd5 5. d4 cxd4 6. cxd4 e6 7. Nc3 Qd8 8. a3 Nf6 9. Bd3 Be7 10. 0-0 0-0 11. Be3 Nd5 12. Qe2 Bf6 13. Rad1 Nxc3 14. bxc3 Qe7 15. Bc1 Rd8 16. Rfe1 g6 17. Bb1 b6 18. Qb5 Qc7 19. Ba2 Ne7 20. Ng5 Nd5 21. Bxd5 Rxd5 22. Qe8+ Kg7 23. Nxf7 Rh5 24. Ne5 Bxe5 25. dxe5 Qf7 26. Qxf7+ Kxf7 27. g4 Rh3 28. Re3 Rxe3 29. Bxe3 Ke8 30. c4 Ba6 31. c5 bxc5 32. Bxc5 Be2 33. Rd4 Rd8 34. Bd6 Kf7 35. Re4 Bb5 36. Rb4 a6 37. a4 Bc6 38. a5 Bb5 39. Kg2 Rc8 40. Kg3 Rc3+ 41. f3 Rc4 42. Rb3 Ra4 43. Bc7 Rc4 44. Bb6 Rc2 45. Re3 Re2 46. f4 Rxe3+ 47. Bxe3 Bd3 48. Kh4 Be2 49. Kg5 Bd3 50. Bb6 Bc2 51. Bd8 Bd3 52. Bf6 Bc2 53. h4 Bd3 54. h5 Bc2 55. Kh6 Kg8 56. Kg5 Kf7 57. Kh6 Kg8 1/2-1/2